Electrical Measurements / (Record no. 32153)

000 -LEADER
fixed length control field 00592 a2200217 4500
003 - CONTROL NUMBER IDENTIFIER
control field OSt
005 - DATE AND TIME OF LATEST TRANSACTION
control field 20260217130018.0
008 - FIXED-LENGTH DATA ELEMENTS--GENERAL INFORMATION
fixed length control field 260217b ||||| |||| 00| 0 eng d
020 ## - INTERNATIONAL STANDARD BOOK NUMBER
International Standard Book Number 9789333223607
040 ## - CATALOGING SOURCE
Transcribing agency .
082 ## - DEWEY DECIMAL CLASSIFICATION NUMBER
Classification number 621.37
Item number B169
100 ## - MAIN ENTRY--PERSONAL NAME
9 (RLIN) 6581
Personal name Bakshi, Uday A.
245 ## - TITLE STATEMENT
Title Electrical Measurements /
Statement of responsibility, etc. U.A. Bakshi and A.V. Bakshi
250 ## - EDITION STATEMENT
Edition statement 1st ed.
260 ## - PUBLICATION, DISTRIBUTION, ETC.
Name of publisher, distributor, etc. Technical Publication,
Place of publication, distribution, etc. Pune :
Date of publication, distribution, etc. 2020.
300 ## - PHYSICAL DESCRIPTION
Extent 9-42 p.
650 #0 - SUBJECT ADDED ENTRY--TOPICAL TERM
9 (RLIN) 11
Topical term or geographic name entry element Electrical Engineering
9 (RLIN) 1526
Topical term or geographic name entry element Electric Measurements
700 ## - ADDED ENTRY--PERSONAL NAME
9 (RLIN) 6620
Personal name Bakshi, Ajay V.
942 ## - ADDED ENTRY ELEMENTS (KOHA)
Source of classification or shelving scheme
Koha item type Books
Holdings
Withdrawn status Lost status Source of classification or shelving scheme Damaged status Not for loan Collection code Permanent Location Current Location Shelving location Date acquired Source of acquisition Cost, normal purchase price Full call number Barcode Date last seen Cost, replacement price Price effective from Koha item type
          Non-fiction IMU Kolkata IMU Kolkata Reference 2026-03-11 30 420.00 621.37 B169 14847 2026-03-11 525.00 2026-03-11 Books
          Non-fiction IMU Kolkata IMU Kolkata   2026-03-11 30 420.00 621.37 B169 14848 2026-03-11 525.00 2026-03-11 Books
Designed and Maintained by IMU-KC Library, Kolkata Campus © Copyright All Rights Reserved

webs counters

Powered by Koha